Kinship structures and foster relations in Islamic society : (Record no. 92836)

MARC details
000 -LEADER
fixed length control field 00738nam a22001937a 4500
005 - DATE AND TIME OF LATEST TRANSACTION
control field 20150514115939.0
010 ## - LCCN (DPL NO)
LC control number ENG-112623
020 ## - INTERNATIONAL STANDARD BOOK NUMBER
Terms of availability 550.00
International Standard Book Number 9789382396109
035 ## - SYSTEM CONTROL NUMBER
System control number EN-96155
037 ## - SOURCE OF ACQUISITION
Source of stock number/acquisition DBAD/PUB
082 ## - DEWEY DECIMAL CLASSIFICATION NUMBER
Classification number 270
100 ## - MAIN ENTRY--PERSONAL NAME
Personal name Balkrishan Shivram
245 00 - TITLE STATEMENT
Title Kinship structures and foster relations in Islamic society :
Statement of responsibility, etc by Balkrishan Shivram
Remainder of title milk kinship allegiance in the Mughal world /
260 ## - PUBLICATION, DISTRIBUTION, ETC. (IMPRINT)
Place of publication, distribution, etc Shimla
Name of publisher, distributor, etc Indian Institute of Advanced Study
Date of publication, distribution, etc 2014
270 ## - ADDRESS
Address Rashtrapati Nivas
City Shimla
Postal code 171005
300 ## - PHYSICAL DESCRIPTION
Extent xiii, 171 pages, 2 unnumbered leaves of plates :
Dimensions 22cm(Hb)
Other physical details col. ill.
500 ## - GENERAL NOTE
General note Includes bibliographical references (pages 139-166) and index.
942 ## - ADDED ENTRY ELEMENTS (KOHA)
Source of classification or shelving scheme Dewey Decimal Classification
Item type English Books
Call number suffix BAL
Classification part 270
Holdings
Withdrawn status Lost status Not for loan Collection code Home library Current library Date acquired Source of acquisition Cost, normal purchase price Full call number Barcode Copy number Cost, replacement price Koha item type
    Not For Loan Non-fiction D.B.Act.Division D.B.Act.Division 09/04/2015 DBAD/Pub. 550.00 270 BAL EN-96155 1 550.00 English Books

© Delhi Public Library
Hit Counter
free hit counter